00958nam a2200169 4500003000800000005001700008008004100025040002600066041000800092100004000100245032900140260003700469300001800506502014100524504004200665830008100707DO-SdUA20250325093547.0 s2024 dr a|| |||| 0 |a||0|spa d aDO-SdUAbspacDO-SdUA0 aspa1 aGarcía Francis, José Joaquín 10aJuegos cooperativos como estrategias de inclusión de los alumnos con Necesidades Educativas Especificas (NEE) en la clase de educación física con estudiantes de 1er. grado de secundaría de la Escuela Primaria Paraíso de Dios, Distrito Educativo 04-06, año escolar 2023-2024 /cJosé Joaquín García Francis.  aSan Cristóbal :bUASD, c2024. a100 h. :bil. aTesis y trabajo de grado (Maestría en Educación Física y Deporte)--Universidad Autónoma de Santo Domingo, San Cristóbal, 2024. aIncluye referencias bibliográficas. aTesis y disertaciones académicas (Universidad Autónoma de Santo Domingo)